000 00459nam a2200181 4500
005 20260219100834.0
008 260219b |||||||| |||| 00| 0 eng d
020 _a9789348179340
040 _aFLL
_cFLL
041 _2Eng
_aEng
084 _aZ2,7,11qN08
100 _aTakwani. C.K
_91116270
245 _aCivil Procedure
_bLimitaion and commercial courts
260 _aLucknow
_bEBC
_c2025
300 _aS-6,848
760 _b10th
942 _2CC
_n0
_cTB
999 _c1679981
_d1679981